| 000 | 00786nam a2200205Ia 4500 | ||
|---|---|---|---|
| 999 |
_c3803 _d3803 |
||
| 008 | 200103 1983 s||||xx |||||||||||||| ||und|| | ||
| 020 | _a9280111620 | ||
| 082 |
_a341.75665 _bIMO |
||
| 110 | _aInternational Maritime Organization | ||
| 245 | 0 |
_a1983 amendments to the international convention for the safety of life at sea, 1974, Vol. 2 _bInternational code for the construction and equipment of ships carrying dangerous chemicals in bulk (resolution MSC. 4(48)) |
|
| 260 |
_bInternational Maritime Organization _c1983 _aLondon |
||
| 300 | _a106 p. | ||
| 650 | _aShips - Safety regulations | ||
| 650 | _aMerchant marine - Safety measures | ||
| 650 | _aNavigation | ||
| 650 | _aShipping | ||
| 650 | _aIndustrial safety | ||
| 650 | _aConference proceedings | ||
| 942 | _cBK | ||